00339nam a2200145Ia 4500008004100000020001800041041000800059082001600067100002100083245003300104250000600137260002900143300001200172650000900184210716s1994 xx 000 0 und d a9781560521907 aeng a338.04 LUHR aLuhn, Rebecca R. aBuying your first franchise. a1 bCrisp Publicationsc1994 axii,232 aNone